मीडिया और साहित्य / (Record no. 118768)

MARC details
000 -LEADER
fixed length control field 01097nam a22002537a 4500
005 - DATE AND TIME OF LATEST TRANSACTION
control field 20170124103120.0
010 ## - LIBRARY OF CONGRESS CONTROL NUMBER
LC control number A-957728
020 ## - INTERNATIONAL STANDARD BOOK NUMBER
Terms of availability 125.00
035 ## - SYSTEM CONTROL NUMBER
System control number A-957728
037 ## - SOURCE OF ACQUISITION
Source of stock number/acquisition Cen Lib/Ret
040 ## - CATALOGING SOURCE
Original cataloging agency DPL
Language of cataloging HN
082 ## - DEWEY DECIMAL CLASSIFICATION NUMBER
Classification number 302.23
Item number पचौरी
100 ## - MAIN ENTRY--PERSONAL NAME
Personal name पचौरी, सुधीश
9 (RLIN) 81825
245 ## - TITLE STATEMENT
Title मीडिया और साहित्य /
Statement of responsibility, etc सुधीश पचौरी
246 ## - VARYING FORM OF TITLE
Title proper/short title Media aur sahitya /
Remainder of title by Sudheesh Pachari
260 ## - PUBLICATION, DISTRIBUTION, ETC. (IMPRINT)
Place of publication, distribution, etc दिल्ली
Name of publisher, distributor, etc राजसूर्या प्रकाशन
Date of publication, distribution, etc 2000
270 ## - ADDRESS
City दिल्ली
Address डी-ब्लाक, 2/41, गांवड़ी एक्सटेंशन, भजनपुरा
Postal code 110053
300 ## - PHYSICAL DESCRIPTION
Extent 132पृ.
Dimensions 20सेमी(सजिल्द )
650 ## - SUBJECT ADDED ENTRY--TOPICAL TERM
Topical term or geographic name as entry element मीडिया--साहित्य
General subdivision
Geographic subdivision
9 (RLIN) 81826
650 ## - SUBJECT ADDED ENTRY--TOPICAL TERM
Topical term or geographic name as entry element मीडिया--सूचना प्रसार
9 (RLIN) 81827
650 ## - SUBJECT ADDED ENTRY--TOPICAL TERM
Topical term or geographic name as entry element Media - Literature
9 (RLIN) 81828
650 ## - SUBJECT ADDED ENTRY--TOPICAL TERM
Topical term or geographic name as entry element Media - Information Dissemination
9 (RLIN) 81829
942 ## - ADDED ENTRY ELEMENTS (KOHA)
Source of classification or shelving scheme Dewey Decimal Classification
Koha item type Hindi Books
Classification part 302.23
Call number suffix पचौरी
Holdings
Withdrawn status Lost status Damaged status Not for loan Home library Current library Date acquired Source of acquisition Cost, normal purchase price Total Checkouts Full call number Barcode Date last seen Copy number Cost, replacement price Price effective from Koha item type
        Central Library Central Library 14/09/2015 Cen Lib/Ref 125.00   302.23 पचौरी A-957728 14/09/2015 1 125.00 14/09/2015 Hindi Books

© Delhi Public Library
Hit Counter
free hit counter